00637nam a2200205Ia 4500003000900000008004100009020001800050040001600068080002000084245011400104260003700218300001400255650001400269650004300283650001700326650001600343700002300359700002300382700002600405IN-BaIIA211028s9999 xx 000 0 eng d a0-8243-0907-3 cIIA Library a047.1:52bARA-8 0aAnnual review of astronomy and astrophysicsbvol. 8cedited by Leo Goldberg, David Layzer and John G. Philips aCaliforniabAnnual Reviewsc1970 aix, 495p. aAstronomy aAstronomy and Astrophysics Thesaurus  aAstrophysics aPeriodicals aGoldberg, Leo, ed. aLayzer, David, ed. aPhilips, John G., ed.